[Event "9. Open de Calviá 2012 Aficionados"]
[Site "Calvia ESP"]
[Date "2012.10.10"]
[Round "5.6"]
[White "Munoz Agullo, Jose Francisco"]
[Black "Rhein, Klaus"]
[Result "0-1"]
[WhiteElo "2241"]
[BlackElo "2132"]
[PlyCount "102"]
[EventDate "2012.10.06"]
[EventType "swiss"]
[EventRounds "9"]
[EventCountry "ESP"]
[SourceTitle "Ajedrez en Madrid"]
[Source "lmi"]
[SourceDate "2012.10.06"]

1. d4 f5 2. g3 e6 3. Bg2 Nf6 4. Nf3 Be7 5. O-O O-O 6. c4 d6 7. Nc3 Qe8 8. b4
Ne4 9. Nxe4 fxe4 10. Nd2 d5 11. f3 Bf6 12. Bb2 e3 13. Nb3 dxc4 14. Na5 Nc6 15.
Nxc4 Qd8 16. Ne5 Nxb4 17. Qb3 Nd5 18. f4 c6 19. Be4 Bxe5 20. fxe5 Rf2 21. Rxf2
exf2+ 22. Kxf2 Qb6 23. Rf1 Qxb3 24. axb3 Bd7 25. Ke1 Be8 26. Kd2 a5 27. Ba3 Bg6
28. Bxg6 hxg6 29. Bd6 a4 30. bxa4 Rxa4 31. Rf8+ Kh7 32. Re8 Rxd4+ 33. Ke1 b5
34. Rxe6 Rc4 35. Re8 b4 36. Rb8 Ne3 37. e6 Nf5 38. Rxb4 Nxd6 39. Rb8 Re4 40.
Rb6 Rxe6 41. Rxc6 Kg8 42. Rc7 Ne4 43. e3 Nf6 44. Kd2 Ng4 45. h3 Nxe3 46. g4 Nd5
47. Rc5 Nf4 48. h4 Re2+ 49. Kd1 Rh2 50. Rc8+ Kh7 51. Rf8 Nd3 0-1

[Event "9. Open de Calviá 2012 Aficionados"]
[Site "Calvia ESP"]
[Date "2012.10.10"]
[Round "5.7"]
[White "Whitehead, David J"]
[Black "Diaz Nunez, Adolfo"]
[Result "1/2-1/2"]
[WhiteElo "2035"]
[BlackElo "2225"]
[PlyCount "46"]
[EventDate "2012.10.06"]
[EventType "swiss"]
[EventRounds "9"]
[EventCountry "ESP"]
[SourceTitle "Ajedrez en Madrid"]
[Source "lmi"]
[SourceDate "2012.10.06"]

1. e4 c6 2. d4 d5 3. exd5 cxd5 4. c4 Nf6 5. Nc3 e6 6. Nf3 Bb4 7. Bd3 dxc4 8.
Bxc4 O-O 9. O-O b6 10. Qe2 Bb7 11. Bg5 Bxc3 12. bxc3 Nbd7 13. Ne5 Qc7 14. Rac1
Nxe5 15. dxe5 Ne4 16. Bf4 Rfd8 17. Bb3 Qc6 18. f3 Nc5 19. Bc2 Ba6 20. c4 Rd4
21. Qe3 Rxc4 22. Rfd1 Rc8 23. Rd6 Qe8 1/2-1/2

[Event "9. Open de Calviá 2012 Aficionados"]
[Site "Calvia ESP"]
[Date "2012.10.10"]
[Round "5.9"]
[White "Tscharotschkin, Michael"]
[Black "Stavila, Irina"]
[Result "1-0"]
[WhiteElo "2205"]
[BlackElo "1944"]
[PlyCount "43"]
[EventDate "2012.10.06"]
[EventType "swiss"]
[EventRounds "9"]
[EventCountry "ESP"]
[SourceTitle "Ajedrez en Madrid"]
[Source "lmi"]
[SourceDate "2012.10.06"]

1. d4 e6 2. Bf4 d5 3. e3 Nf6 4. Nd2 Bd6 5. Bg3 c5 6. c3 Nc6 7. Ngf3 O-O 8. Bd3
Re8 9. Ne5 Qc7 10. f4 c4 11. Bc2 b5 12. a3 a5 13. O-O Rb8 14. Bh4 Be7 15. Qf3
g6 16. Qh3 Kg7 17. Ndf3 h6 18. Nxf7 Kxf7 19. Ne5+ Nxe5 20. fxe5 Rg8 21. Bxf6
Ke8 22. Bxg6+ 1-0

[Event "9. Open de Calviá 2012 Aficionados"]
[Site "Calvia ESP"]
[Date "2012.10.10"]
[Round "5.12"]
[White "Svensson, Mikael"]
[Black "Massanet Massanet, Sebastian"]
[Result "1/2-1/2"]
[WhiteElo "2051"]
[BlackElo "2247"]
[PlyCount "45"]
[EventDate "2012.10.06"]
[EventType "swiss"]
[EventRounds "9"]
[EventCountry "ESP"]
[SourceTitle "Ajedrez en Madrid"]
[Source "lmi"]
[SourceDate "2012.10.06"]

1. e4 e6 2. d3 d5 3. Nd2 Nf6 4. Ngf3 c5 5. g3 Be7 6. Bg2 Nc6 7. O-O O-O 8. Re1
b5 9. a4 b4 10. exd5 exd5 11. d4 c4 12. Ne5 Nxd4 13. Ndxc4 Ne6 14. Nc6 Qc7 15.
Nxe7+ Qxe7 16. Bg5 Bb7 17. Na5 Qc7 18. Bxf6 Qxa5 19. Qg4 h5 20. Qxh5 gxf6 21.
Rxe6 fxe6 22. Qg6+ Kh8 23. Qh6+ 1/2-1/2

[Event "9. Open de Calviá 2012 Aficionados"]
[Site "Calvia ESP"]
[Date "2012.10.10"]
[Round "5.15"]
[White "Alberto, Manuel"]
[Black "Van Der Grinten, Bas"]
[Result "1-0"]
[WhiteElo "2164"]
[BlackElo "1953"]
[PlyCount "73"]
[EventDate "2012.10.06"]
[EventType "swiss"]
[EventRounds "9"]
[EventCountry "ESP"]
[SourceTitle "Ajedrez en Madrid"]
[Source "lmi"]
[SourceDate "2012.10.06"]

1. e4 e5 2. Nf3 Nc6 3. Bb5 f5 4. d4 fxe4 5. Nxe5 Nxe5 6. dxe5 c6 7. Bc4 Qa5+ 8.
Nd2 Qxe5 9. Bxg8 Rxg8 10. O-O d5 11. f4 Bc5+ 12. Kh1 Qf5 13. Nb3 Bb6 14. a4 a6
15. a5 Ba7 16. Qe1 c5 17. Nd2 Bd7 18. b4 cxb4 19. Nb3 Bb5 20. Rf3 O-O-O 21. Rg3
g5 22. fxg5 Bf2 23. Qxb4 Bxg3 24. hxg3 Qf1+ 25. Kh2 Qc4 26. Qe7 Rge8 27. Qf6 d4
28. Qb6 e3 29. Bb2 e2 30. Re1 Qxc2 31. Bxd4 Rxd4 32. Nxd4 Qc3 33. Nxb5 axb5 34.
a6 Qc6 35. axb7+ Qxb7 36. Rc1+ Kb8 37. Qd6+ 1-0

[Event "9. Open de Calviá 2012 Aficionados"]
[Site "Calvia ESP"]
[Date "2012.10.10"]
[Round "5.16"]
[White "Myhrvold, Jo"]
[Black "Grichkevitch, Gilles"]
[Result "1-0"]
[WhiteElo "1980"]
[BlackElo "2137"]
[PlyCount "111"]
[EventDate "2012.10.06"]
[EventType "swiss"]
[EventRounds "9"]
[EventCountry "ESP"]
[SourceTitle "Ajedrez en Madrid"]
[Source "lmi"]
[SourceDate "2012.10.06"]

1. e4 c5 2. c3 Nf6 3. e5 Nd5 4. d4 cxd4 5. cxd4 b6 6. Nf3 e6 7. Bc4 Bb7 8. O-O
Be7 9. Bxd5 Bxd5 10. Nc3 Bc4 11. Re1 h6 12. Nd2 Ba6 13. Qg4 g6 14. d5 h5 15.
Qf3 Bb7 16. Nde4 exd5 17. Nd6+ Bxd6 18. exd6+ Kf8 19. Re7 Rh7 20. Bh6+ Kg8 21.
Rae1 Na6 22. Nxd5 Bxd5 23. Qxd5 Rc8 24. Bg5 Nb4 25. Qb3 Nc6 26. Rxf7 Rxf7 27.
Bxd8 Rxd8 28. Qc4 Rb8 29. h3 Kg7 30. b4 b5 31. Qc3+ Kh7 32. a3 Rbf8 33. f3 a6
34. Kf2 Rf4 35. Re3 R4f7 36. g4 hxg4 37. hxg4 g5 38. Re1 Kg6 39. Qd3+ Kg7 40.
Rh1 Rxf3+ 41. Qxf3 Rxf3+ 42. Kxf3 Ne5+ 43. Ke4 Nxg4 44. Kf5 Nh6+ 45. Kxg5 Nf7+
46. Kf4 Kf6 47. Rh7 Nxd6 48. Rxd7 Nc4 49. Ra7 Ke6 50. Ke4 Kd6 51. Rxa6+ Kc7 52.
Kd4 Kb7 53. Rh6 Nxa3 54. Kc5 Ka7 55. Rh3 Nc4 56. Kxb5 1-0

[Event "9. Open de Calviá 2012 Aficionados"]
[Site "Calvia ESP"]
[Date "2012.10.10"]
[Round "5.17"]
[White "Kjellstrom, Roar"]
[Black "Voiteanu, Gabriel"]
[Result "0-1"]
[WhiteElo "1916"]
[BlackElo "2298"]
[PlyCount "64"]
[EventDate "2012.10.06"]
[EventType "swiss"]
[EventRounds "9"]
[EventCountry "ESP"]
[SourceTitle "Ajedrez en Madrid"]
[Source "lmi"]
[SourceDate "2012.10.06"]

1. d4 Nf6 2. c4 g6 3. Nc3 d5 4. Bf4 Bg7 5. e3 c5 6. dxc5 Qa5 7. Qa4+ Qxa4 8.
Nxa4 Ne4 9. f3 Bd7 10. fxe4 Bxa4 11. exd5 Bxb2 12. Rb1 Bc3+ 13. Kf2 Nd7 14.
Rxb7 Nxc5 15. Rb8+ Rxb8 16. Bxb8 O-O 17. Bxa7 Ne4+ 18. Kf3 Nd2+ 19. Kf2 Ra8 20.
Bd4 Bxd4 21. exd4 Nxf1 22. Kxf1 Bc2 23. c5 Rxa2 24. h4 Bd3+ 25. Ke1 Rxg2 26.
Nf3 Be4 27. Rf1 Bxd5 28. Rf2 Rg4 29. Ke2 h5 30. Ke3 f6 31. Rc2 Rg3 32. Rf2 Kf7
0-1

[Event "9. Open de Calviá 2012 Aficionados"]
[Site "Calvia ESP"]
[Date "2012.10.10"]
[Round "5.34"]
[White "Escalante Ortega, Fernando"]
[Black "Driessen Llado, Pedro"]
[Result "1-0"]
[WhiteElo "1849"]
[BlackElo "1580"]
[PlyCount "51"]
[EventDate "2012.10.06"]
[EventType "swiss"]
[EventRounds "9"]
[EventCountry "ESP"]
[SourceTitle "Ajedrez en Madrid"]
[Source "lmi"]
[SourceDate "2012.10.06"]

1. e4 c5 2. Nf3 d6 3. d4 cxd4 4. Nxd4 Nf6 5. Nc3 g6 6. Be3 Bg7 7. f3 O-O 8. Qd2
Nc6 9. O-O-O Bd7 10. g4 Rc8 11. h4 Ne5 12. h5 b5 13. hxg6 fxg6 14. Bh6 Nxf3 15.
Nxf3 Bxg4 16. Nd4 Rxc3 17. Bxg7 Kxg7 18. Qxc3 b4 19. Qd2 Qa5 20. Bc4 Rc8 21.
Qh6+ Kh8 22. Rdf1 Qc7 23. Bb3 a5 24. Qxg6 h5 25. Qh6+ Nh7 26. Rf7 1-0

[Event "9. Open de Calviá 2012 Aficionados"]
[Site "Calvia ESP"]
[Date "2012.10.11"]
[Round "6.1"]
[White "Gomez Jurado, Luis Alberto"]
[Black "Gromovs, Sergejs"]
[Result "0-1"]
[WhiteElo "2248"]
[BlackElo "2169"]
[PlyCount "182"]
[EventDate "2012.10.06"]
[EventType "swiss"]
[EventRounds "9"]
[EventCountry "ESP"]
[SourceTitle "Ajedrez en Madrid"]
[Source "lmi"]
[SourceDate "2012.10.06"]

1. c4 g6 2. g3 Bg7 3. Bg2 Nf6 4. Nc3 O-O 5. e4 d6 6. Nge2 c5 7. O-O Nc6 8. d3
a6 9. h3 Rb8 10. a4 Ne8 11. Be3 Nd4 12. Rb1 e5 13. b4 cxb4 14. Rxb4 Nc7 15. f4
Be6 16. Kh2 Qd7 17. Qd2 Qe7 18. Rb6 Qd8 19. Rfb1 Bc8 20. Nd5 Nce6 21. Nec3 Nc5
22. fxe5 dxe5 23. Bh6 Be6 24. Bxg7 Kxg7 25. Ne2 Nxe2 26. Qxe2 Nxa4 27. R6b3 Nc5
28. Rb6 Rc8 29. Qe3 f6 30. h4 Rf7 31. d4 exd4 32. Qxd4 Qd7 33. Rf1 Qd8 34. Rfb1
Qe8 35. Rf1 Qd8 36. Rfb1 Kg8 37. Rd6 Qf8 38. Rbb6 Bxd5 39. Qxd5 Kg7 40. Qd4 Qe7
41. Bf3 Qe5 42. Qe3 Na4 43. Re6 Qa5 44. Rbd6 Rxc4 45. e5 fxe5 46. Rxe5 Qc3 47.
Rd3 Qb2+ 48. Kh3 Rc2 49. h5 Rh2+ 50. Kg4 Qb6 51. Qxb6 Nxb6 52. hxg6 hxg6 53.
Re6 Nd7 54. Rdd6 Rh6 55. Be4 Nf6+ 56. Kg5 Nxe4+ 57. Rxe4 Rh5+ 58. Kg4 Rhf5 59.
Ree6 R5f6 60. Rb6 Rxe6 61. Rxe6 Rc7 62. Rb6 Kf7 63. Kh4 Kg7 64. g4 Rd7 65. Re6
a5 66. Rb6 Kh6 67. g5+ Kg7 68. Rb5 Rd4+ 69. Kg3 Rb4 70. Rxa5 Kf7 71. Re5 b6 72.
Kh3 Rc4 73. Rb5 Rc6 74. Kg4 Ke6 75. Rb1 Kd6 76. Rd1+ Kc7 77. Rb1 Rc4+ 78. Kg3
Kc6 79. Rf1 Rd4 80. Rf6+ Rd6 81. Kf4 Kd5 82. Rf8 b5 83. Rb8 Kc5 84. Ke5 Rc6 85.
Ke4 Kc4 86. Rf8 Re6+ 87. Kf4 b4 88. Rf6 Kd5 89. Rf8 Rb6 90. Rf6 Rxf6+ 91. gxf6
Ke6 0-1

[Event "9. Open de Calviá 2012 Aficionados"]
[Site "Calvia ESP"]
[Date "2012.10.11"]
[Round "6.2"]
[White "Andersen, Lars Even"]
[Black "Tscharotschkin, Michael"]
[Result "1-0"]
[WhiteElo "2291"]
[BlackElo "2205"]
[PlyCount "61"]
[EventDate "2012.10.06"]
[EventType "swiss"]
[EventRounds "9"]
[EventCountry "ESP"]
[SourceTitle "Ajedrez en Madrid"]
[Source "lmi"]
[SourceDate "2012.10.06"]

1. d4 d5 2. c4 c6 3. Nf3 e6 4. e3 f5 5. Bd3 Nf6 6. O-O Bd6 7. b3 Qe7 8. Bb2 O-O
9. Ne5 Bd7 10. Nd2 Be8 11. cxd5 cxd5 12. f3 Nbd7 13. Nxd7 Qxd7 14. e4 dxe4 15.
fxe4 Ng4 16. exf5 exf5 17. Qf3 Nxh2 18. Qd5+ Bf7 19. Qxf5 Qxf5 20. Rxf5 Ng4 21.
Ne4 Bc7 22. Rg5 Nh6 23. Nf6+ Kh8 24. Nxh7 Bd8 25. Rg3 Rg8 26. d5 Bb6+ 27. Kh1
Rad8 28. Nf6 Rgf8 29. Rxg7 Kxg7 30. Ng4+ Kg8 31. Nxh6# 1-0

[Event "9. Open de Calviá 2012 Aficionados"]
[Site "Calvia ESP"]
[Date "2012.10.11"]
[Round "6.4"]
[White "Rhein, Klaus"]
[Black "Galiana Salom, Juan Ramon"]
[Result "1-0"]
[WhiteElo "2132"]
[BlackElo "2215"]
[PlyCount "129"]
[EventDate "2012.10.06"]
[EventType "swiss"]
[EventRounds "9"]
[EventCountry "ESP"]
[SourceTitle "Ajedrez en Madrid"]
[Source "lmi"]
[SourceDate "2012.10.06"]

1. e4 c5 2. Nc3 Nc6 3. Bb5 Nd4 4. Bc4 e6 5. Nge2 Ne7 6. O-O Nec6 7. d3 a6 8. f4
b5 9. Bb3 Nxb3 10. axb3 Bb7 11. Ng3 h5 12. f5 Bd6 13. Bf4 Bxf4 14. Rxf4 Qg5 15.
Nge2 O-O-O 16. Qf1 d5 17. fxe6 fxe6 18. exd5 exd5 19. Qf2 Qe7 20. Rf7 Qd6 21.
Rf1 Rhg8 22. d4 Qg6 23. Qf4 Qd6 24. Qxd6 Rxd6 25. dxc5 Rdd8 26. Nf4 Ne5 27. Re7
Ng4 28. Ne6 Rd7 29. Rxd7 Kxd7 30. Nd4 Nf6 31. b4 Rf8 32. h3 Re8 33. Ra1 Kc7 34.
Rf1 Bc8 35. Rf4 Re5 36. Nf3 Rf5 37. Rxf5 Bxf5 38. Nd4 Bc8 39. Kf2 g5 40. Ke3
Kd7 41. Nf3 g4 42. hxg4 Nxg4+ 43. Kf4 Nf6 44. Nd4 Ke7 45. g3 Bb7 46. c6 Bc8 47.
Ke5 Ng4+ 48. Kxd5 Ne3+ 49. Kc5 Nf1 50. Nce2 Ne3 51. Nf4 Nf1 52. Nxh5 Bg4 53.
Nf4 Nxg3 54. Nd5+ Kf7 55. Kb6 Bc8 56. Nc7 Ne4 57. Nxa6 Nd6 58. b3 Ke7 59. Nxb5
Nf5 60. Nc5 Ne3 61. Nd4 Kd6 62. Nb7+ Ke5 63. Kc5 Nd5 64. b5 Nf6 65. Nd6 1-0

[Event "9. Open de Calviá 2012 Aficionados"]
[Site "Calvia ESP"]
[Date "2012.10.11"]
[Round "6.6"]
[White "Myhrvold, Rune"]
[Black "Jimenez Martinez, Jose Vicente"]
[Result "1-0"]
[WhiteElo "2189"]
[BlackElo "2254"]
[PlyCount "61"]
[EventDate "2012.10.06"]
[EventType "swiss"]
[EventRounds "9"]
[EventCountry "ESP"]
[SourceTitle "Ajedrez en Madrid"]
[Source "lmi"]
[SourceDate "2012.10.06"]

1. e4 d6 2. d3 g6 3. f4 Bg7 4. Nf3 Nf6 5. Be2 O-O 6. O-O c5 7. c3 Nc6 8. Na3
Rb8 9. Nc2 b5 10. Bd2 a5 11. Ne3 d5 12. e5 Ne8 13. d4 c4 14. Qe1 e6 15. Bd1 f5
16. exf6 Nxf6 17. Bc2 Nh5 18. g3 Bd7 19. Qe2 b4 20. Ng4 Nf6 21. Nge5 Nxe5 22.
fxe5 Ng4 23. Bg5 Qe8 24. Qd2 h6 25. h3 bxc3 26. bxc3 Nxe5 27. dxe5 hxg5 28.
Qxg5 Kh7 29. Nh4 Bh6 30. Bxg6+ Kg7 31. Qg4 1-0

[Event "9. Open de Calviá 2012 Aficionados"]
[Site "Calvia ESP"]
[Date "2012.10.11"]
[Round "6.9"]
[White "Myhrvold, Jo"]
[Black "Sarakauskiene, Zivile"]
[Result "1/2-1/2"]
[WhiteElo "1980"]
[BlackElo "2192"]
[PlyCount "37"]
[EventDate "2012.10.06"]
[EventType "swiss"]
[EventRounds "9"]
[EventCountry "ESP"]
[SourceTitle "Ajedrez en Madrid"]
[Source "lmi"]
[SourceDate "2012.10.06"]

1. e4 c5 2. c3 Nf6 3. e5 Nd5 4. d4 cxd4 5. cxd4 e6 6. Nf3 b6 7. Bc4 Bb7 8. O-O
Na6 9. Re1 Be7 10. Bxd5 Bxd5 11. Nc3 Nc7 12. Nd2 f5 13. exf6 Bxf6 14. Nxd5 Nxd5
15. Qh5+ Kf8 16. Nf3 Rc8 17. Bg5 Qe8 18. Qh4 Qg6 19. Rac1 1/2-1/2

[Event "9. Open de Calviá 2012 Aficionados"]
[Site "Calvia ESP"]
[Date "2012.10.11"]
[Round "6.10"]
[White "Massanet Massanet, Sebastian"]
[Black "Shen, Yue"]
[Result "1-0"]
[WhiteElo "2247"]
[BlackElo "2120"]
[PlyCount "85"]
[EventDate "2012.10.06"]
[EventType "swiss"]
[EventRounds "9"]
[EventCountry "ESP"]
[SourceTitle "Ajedrez en Madrid"]
[Source "lmi"]
[SourceDate "2012.10.06"]

1. e4 c6 2. Ne2 d5 3. e5 c5 4. d4 Nc6 5. c3 Bf5 6. dxc5 e6 7. b4 Nxe5 8. Nd4
Ne7 9. Bf4 f6 10. Bb5+ Kf7 11. O-O a6 12. Be2 N5c6 13. g4 Bg6 14. Bg3 Nxd4 15.
cxd4 Nc6 16. f4 f5 17. g5 Qc7 18. h4 h5 19. Nc3 Nxb4 20. Qb3 Nc6 21. Nxd5 exd5
22. Qxd5+ Ke8 23. Rfe1 Ne7 24. Bd1 Qd7 25. Qe5 Bf7 26. Bf3 Kd8 27. Rab1 Bd5 28.
Rb6 Bc6 29. Reb1 Ra7 30. Be1 a5 31. Qb8+ Nc8 32. d5 Bxc5+ 33. Bf2 Bxf2+ 34.
Kxf2 Ba4 35. Rc1 Re8 36. Rxc8+ Qxc8 37. Qxa7 Re7 38. Qxa5 Qc2+ 39. Kg3 Ke8 40.
d6 Qc1 41. Bxh5+ g6 42. Bxg6+ Kf8 43. dxe7+ 1-0

[Event "9. Open de Calviá 2012 Aficionados"]
[Site "Calvia ESP"]
[Date "2012.10.11"]
[Round "6.12"]
[White "Van Den Bersselaar, Jeroen"]
[Black "Svensson, Mikael"]
[Result "1-0"]
[WhiteElo "2196"]
[BlackElo "2051"]
[PlyCount "43"]
[EventDate "2012.10.06"]
[EventType "swiss"]
[EventRounds "9"]
[EventCountry "ESP"]
[SourceTitle "Ajedrez en Madrid"]
[Source "lmi"]
[SourceDate "2012.10.06"]

1. d4 e6 2. g3 f5 3. Bg2 Nf6 4. c4 c6 5. Nd2 d5 6. Nh3 Bd6 7. Qc2 O-O 8. Nf3
Na6 9. a3 Ne4 10. O-O Bd7 11. Nf4 Rc8 12. c5 e5 13. Nd3 Bb8 14. Nfxe5 Be8 15.
f3 Ng5 16. b4 Ne6 17. Bb2 f4 18. Bh3 Nac7 19. Nxf4 Rxf4 20. gxf4 Qh4 21. Bxe6+
Nxe6 22. e3 1-0

[Event "9. Open de Calviá 2012 Aficionados"]
[Site "Calvia ESP"]
[Date "2012.10.11"]
[Round "6.13"]
[White "Tolhuizen, Ludo"]
[Black "Persson, Stellan"]
[Result "1-0"]
[WhiteElo "2186"]
[BlackElo "1988"]
[PlyCount "61"]
[EventDate "2012.10.06"]
[EventType "swiss"]
[EventRounds "9"]
[EventCountry "ESP"]
[SourceTitle "Ajedrez en Madrid"]
[Source "lmi"]
[SourceDate "2012.10.06"]

1. d4 Nf6 2. Nf3 e6 3. c4 c5 4. d5 b5 5. Bg5 Qa5+ 6. Nbd2 Be7 7. Qc2 h6 8. Bxf6
Bxf6 9. e4 d6 10. Be2 a6 11. O-O e5 12. cxb5 axb5 13. a4 b4 14. Bb5+ Ke7 15.
Nc4 Qc7 16. Ne1 g5 17. Nd3 Ba6 18. Bxa6 Nxa6 19. b3 Nb8 20. Ne3 Nd7 21. Nxb4
Nb8 22. Nd3 Ra7 23. Nf5+ Kd7 24. Nb2 Na6 25. Nc4 Nb4 26. Qe2 Ra6 27. Rac1 Ke8
28. Ncxd6+ Rxd6 29. Qb5+ Rd7 30. Rxc5 Qb7 31. Nd6+ 1-0

[Event "9. Open de Calviá 2012 Aficionados"]
[Site "Calvia ESP"]
[Date "2012.10.11"]
[Round "6.15"]
[White "Planas Gene, Juan"]
[Black "Garrido Lluy, Javier"]
[Result "1-0"]
[WhiteElo "2136"]
[BlackElo "1835"]
[PlyCount "49"]
[EventDate "2012.10.06"]
[EventType "swiss"]
[EventRounds "9"]
[EventCountry "ESP"]
[SourceTitle "Ajedrez en Madrid"]
[Source "lmi"]
[SourceDate "2012.10.06"]

1. d4 c5 2. d5 e5 3. e4 d6 4. Be3 Nf6 5. f3 Be7 6. Bd3 a6 7. a4 Nbd7 8. Nd2 b6
9. Ne2 Qc7 10. g4 Nf8 11. Ng3 Ng6 12. g5 Nd7 13. Nh5 O-O 14. Nf1 c4 15. Be2 Nf4
16. Nxf4 exf4 17. Bxf4 Ne5 18. Qd4 Ng6 19. Be3 Ne5 20. f4 Ng4 21. Qxb6 Qd7 22.
Bd4 Bd8 23. Qb4 Re8 24. Ng3 a5 25. Qc3 1-0

[Event "9. Open de Calviá 2012 Aficionados"]
[Site "Calvia ESP"]
[Date "2012.10.11"]
[Round "6.20"]
[White "Ducros Salva, Francisco"]
[Black "Cerdo Fernandez, Miguel"]
[Result "1/2-1/2"]
[WhiteElo "1995"]
[BlackElo "1909"]
[PlyCount "57"]
[EventDate "2012.10.06"]
[EventType "swiss"]
[EventRounds "9"]
[EventCountry "ESP"]
[SourceTitle "Ajedrez en Madrid"]
[Source "lmi"]
[SourceDate "2012.10.06"]

1. Nf3 Nf6 2. c4 g6 3. b4 Bg7 4. Bb2 O-O 5. g3 d6 6. Bg2 Bf5 7. d3 Qc8 8. O-O
Bh3 9. Qb3 Bxg2 10. Kxg2 b6 11. Nbd2 Nbd7 12. Rfd1 Qb7 13. Kg1 a5 14. a3 Ng4
15. Bxg7 Kxg7 16. Qc3+ e5 17. d4 f6 18. e4 axb4 19. axb4 Rxa1 20. Rxa1 Ra8 21.
h3 Nh6 22. dxe5 fxe5 23. Rxa8 Qxa8 24. Ng5 Qe8 25. f4 Nf7 26. Ndf3 h6 27. Nxf7
Kxf7 28. fxe5 Nxe5 29. Nxe5+ 1/2-1/2

[Event "9. Open de Calviá 2012 Aficionados"]
[Site "Calvia ESP"]
[Date "2012.10.11"]
[Round "6.22"]
[White "Grichkevitch, Gilles"]
[Black "Torres Mari, Juan"]
[Result "1-0"]
[WhiteElo "2137"]
[BlackElo "1734"]
[PlyCount "41"]
[EventDate "2012.10.06"]
[EventType "swiss"]
[EventRounds "9"]
[EventCountry "ESP"]
[SourceTitle "Ajedrez en Madrid"]
[Source "lmi"]
[SourceDate "2012.10.06"]

1. e4 c5 2. Nf3 d6 3. d4 cxd4 4. Nxd4 Nf6 5. Nc3 a6 6. Bg5 h6 7. Bxf6 gxf6 8.
Qh5 b5 9. f4 Rg8 10. Be2 Bd7 11. O-O-O Nc6 12. Nf5 Rg6 13. Rhe1 Qa5 14. Kb1 b4
15. Nd5 O-O-O 16. Nfxe7+ Kb7 17. Nxg6 fxg6 18. Qxg6 Ne7 19. Nxe7 Bxe7 20. Qf7
Re8 21. Bc4 1-0

[Event "9. Open de Calviá 2012 Aficionados"]
[Site "Calvia ESP"]
[Date "2012.10.11"]
[Round "6.23"]
[White "Oliver Font, Jose Luis"]
[Black "Crespi Lopez, Juan Josep"]
[Result "0-1"]
[WhiteElo "1853"]
[BlackElo "1941"]
[PlyCount "62"]
[EventDate "2012.10.06"]
[EventType "swiss"]
[EventRounds "9"]
[EventCountry "ESP"]
[SourceTitle "Ajedrez en Madrid"]
[Source "lmi"]
[SourceDate "2012.10.06"]

1. e4 c5 2. Nf3 d6 3. d4 cxd4 4. Nxd4 Nf6 5. Nc3 a6 6. Nb3 e5 7. Be2 Be7 8. O-O
O-O 9. Be3 Be6 10. Bf3 Nbd7 11. Be2 Nb6 12. f3 Nc4 13. Bc1 b5 14. a3 d5 15.
exd5 Nxd5 16. Nxd5 Bxd5 17. Qd3 Qb6+ 18. Kh1 Rfd8 19. Qf5 Be6 20. Qh5 Ne3 21.
Bxe3 Qxe3 22. f4 exf4 23. Bd3 g6 24. Qf3 Bxb3 25. cxb3 Qxd3 26. Qxf4 Qxb3 27.
Rae1 Bf8 28. Re3 Qd5 29. Re5 Qb7 30. Re3 Rd5 31. Rc3 Rf5 0-1

[Event "9. Open de Calviá 2012 Aficionados"]
[Site "Calvia ESP"]
[Date "2012.10.11"]
[Round "6.25"]
[White "Esbensen, Hans Fredrik"]
[Black "Kjellstrom, Roar"]
[Result "1/2-1/2"]
[WhiteElo "1699"]
[BlackElo "1916"]
[PlyCount "76"]
[EventDate "2012.10.06"]
[EventType "swiss"]
[EventRounds "9"]
[EventCountry "ESP"]
[SourceTitle "Ajedrez en Madrid"]
[Source "lmi"]
[SourceDate "2012.10.06"]

1. f4 f5 2. Nf3 Nf6 3. c4 d6 4. d4 g6 5. g3 Bg7 6. Bg2 c6 7. O-O Nbd7 8. Nc3
O-O 9. Ng5 Nb6 10. Qb3 d5 11. cxd5 Nbxd5 12. Kh1 h6 13. e4 fxe4 14. Ngxe4 Kh7
15. Nxf6+ Nxf6 16. d5 Nxd5 17. Nxd5 cxd5 18. Bxd5 Bh3 19. Rd1 Qc7 20. Be3 a6
21. Rac1 Qa5 22. Rc5 b5 23. Bxa8 Rxa8 24. Qd5 Rf8 25. Qf3 h5 26. Rxh5+ gxh5 27.
Qxh5+ Kg8 28. Qxh3 Qxa2 29. Qg4 Qf7 30. b4 Qf5 31. Qf3 Rc8 32. Bc5 e5 33. Qd5+
Kh7 34. fxe5 Qxe5 35. Qd3+ Kg8 36. Qf3 Qf6 37. Qg4 Rc6 38. Re1 Qg6 1/2-1/2

[Event "9. Open de Calviá 2012 Aficionados"]
[Site "Calvia ESP"]
[Date "2012.10.11"]
[Round "6.26"]
[White "De Rijk, Nils"]
[Black "Nielsen, Jorgen Kamp"]
[Result "1-0"]
[WhiteElo "1911"]
[BlackElo "1698"]
[PlyCount "51"]
[EventDate "2012.10.06"]
[EventType "swiss"]
[EventRounds "9"]
[EventCountry "ESP"]
[SourceTitle "Ajedrez en Madrid"]
[Source "lmi"]
[SourceDate "2012.10.06"]

1. d4 Nf6 2. c4 c5 3. d5 b5 4. cxb5 a6 5. b6 d6 6. Nc3 Nbd7 7. g3 Nxb6 8. Bg2
g6 9. Nf3 Bg7 10. O-O O-O 11. e4 a5 12. Qc2 Ba6 13. Re1 Qc7 14. b3 Rfb8 15. Bb2
c4 16. Nd4 cxb3 17. axb3 a4 18. Nxa4 Qxc2 19. Nxc2 Nxa4 20. Rxa4 Rxb3 21. Bd4
Nd7 22. Be3 Bc3 23. Rc1 Bb7 24. Rxa8+ Bxa8 25. Nd4 Ra3 26. Nb5 1-0

[Event "9. Open de Calviá 2012 Aficionados"]
[Site "Calvia ESP"]
[Date "2012.10.11"]
[Round "6.27"]
[White "Strand, Oyvin"]
[Black "Ramis Sebastia, Jordi Salvador"]
[Result "1-0"]
[WhiteElo "1899"]
[BlackElo "1675"]
[PlyCount "55"]
[EventDate "2012.10.06"]
[EventType "swiss"]
[EventRounds "9"]
[EventCountry "ESP"]
[SourceTitle "Ajedrez en Madrid"]
[Source "lmi"]
[SourceDate "2012.10.06"]

1. d4 d5 2. Nf3 Nf6 3. e3 Bg4 4. b3 e6 5. Bb2 Nbd7 6. h3 Bh5 7. Be2 Bd6 8. Nbd2
O-O 9. O-O Re8 10. Ne5 Bxe2 11. Qxe2 Re7 12. c4 c6 13. e4 Nxe4 14. Nxe4 dxe4
15. Qxe4 f6 16. Nd3 Rf7 17. Qxe6 Nf8 18. Qf5 Ng6 19. g3 Qc7 20. Kg2 Re8 21.
Rae1 Rfe7 22. c5 Rxe1 23. Rxe1 Rxe1 24. cxd6 Qxd6 25. Nxe1 Ne7 26. Qc5 Qe6 27.
Ba3 Ng6 28. Qc4 1-0

[Event "9. Open de Calviá 2012 Aficionados"]
[Site "Calvia ESP"]
[Date "2012.10.11"]
[Round "6.28"]
[White "Beltran Ortiz, Edda Georgina"]
[Black "Palou De Comasema Pou, Antonio"]
[Result "1-0"]
[WhiteElo "1876"]
[BlackElo "1410"]
[PlyCount "77"]
[EventDate "2012.10.06"]
[EventType "swiss"]
[EventRounds "9"]
[EventCountry "ESP"]
[SourceTitle "Ajedrez en Madrid"]
[Source "lmi"]
[SourceDate "2012.10.06"]

1. e4 e5 2. Nc3 Nf6 3. g3 Bc5 4. h3 d6 5. Bg2 Nc6 6. Nge2 Be6 7. O-O Qd7 8. Kh2
h5 9. Nd5 Bxd5 10. exd5 Ne7 11. c4 Nf5 12. Nc3 h4 13. g4 Ne7 14. d3 Nh7 15. f4
exf4 16. Bxf4 g5 17. Bd2 f5 18. gxf5 Nxf5 19. Qh5+ Kd8 20. Bxg5+ Kc8 21. Bxh4
Nxh4 22. Qxh4 Qd8 23. Qg4+ Qd7 24. Qg6 Bd4 25. Rf7 Be5+ 26. Kg1 Nf8 27. Qg4
Qxg4 28. hxg4 Bxc3 29. bxc3 b6 30. Be4 Rg8 31. Bf5+ Kb7 32. Re1 Ng6 33. d4 Nh4
34. Bd7 Rad8 35. Ree7 Ng6 36. Bc6+ Kb8 37. Rxc7 Nf4 38. Rb7+ Ka8 39. Rxa7+ 1-0